MARC

LEADER 00000nam0a2200000 4500
001 22962
005 20231030195000.0
010 |a 9667033252 
035 |a (RuTPU)RU\TPU\book\23177 
035 |a BOOK00023249 
090 |a 22962 
100 |a 20011209d1998 k y0rusy50 ca 
101 1 |a rus  |c eng 
102 |a UA 
105 |a y f 000zy 
200 1 |a HTML 4  |e Энциклопедия пользователя  |f Р. Дарнелл, Д. Бэсори-Киц, Дж. Г. Брайан, Б. Кемпбелл 
210 |a Киев  |c DiaSoft  |d 1998 
215 |a 688 с. 
610 1 |a компьютерные сети 
610 1 |a Internet 
610 1 |a машинная графика 
610 1 |a языки программирования 
610 1 |a NTML 
610 1 |a гипертекстовые страницы 
610 1 |a дескрипторы 
610 1 |a энциклопедии 
675 |a 681.327.1(03)  |v 3 
701 1 |a Дарнелл  |b Р.  |g Рик 
701 1 |a Бэсори-Киц  |b Д.  |g Дэнис 
701 1 |a Брайан  |b Д. Г.  |g Дж. Грегори 
701 1 |a Кемпбелл  |b Б.  |g Брюс 
801 0 |a RU  |b 63413507  |c 20011209  |g PSBO 
801 2 |a RU  |b 63413507  |c 20051103  |g PSBO 
942 |c BK